000 00356nam a22001577a 4500
003 MPLRDC
005 20220104144444.0
008 210129b ||||| |||| 00| 0 eng d
082 _a414.6 XSB
100 _a不详
245 _a久病成良医
_c
260 _a
_b台湾新生报
_c
300 _b
650 _a中医药方
942 _cBK
_o414.6 XSB
999 _c49785
_d49775